Регионална библиотека "Любен Каравелов" - Русе

Справочник по минерални торове (Запис номер 57592)

MARC детайли
000 -Лидер
Контролно поле с фиксирана дължина 01079nam a2200313 c 4500
003 - Код на организацията, давaща контролен номер
Контролно поле BLK
005 - Дата и час на последна редакция
Контролно поле 20201113145127.0
008 - Елементи от данни с фиксирана дължина
fixed length control field 180408b bul|||||r ||||||| ||bul||
010 ## - Наследен системен номер
LC control number KNG00061598000
040 ## - Източник на каталожния запис
Идентификатор на билиотеката - собственик на записа BLK
041 ## - Код за език
Код за езика на текст/звукозапис или на отделно заглавие Български
Код за езика КДБФ Български
080 ## - УДК
Текстов определител УДК Торове. Торене. Стимулиране растежа на растенията. Растителни стимулатори
УДК код - определител по УДК 631.8
УДК определител (035)
УДК - код + определител 631.8(035)
100 1# - Редна дума - Автор
Автор Кършев, Иван П.
Авторска отговорност първи автор
R(LIN) 287725
139 ## - Редно поле
Редна дума Справочник по минерални торове
Авторски знак
245 10 - Сведения за заглавието
Заглавие Справочник по минерални торове
Редно поле (дума) Иван П. Кършев.
257 ## - Страна на издаване
Страна на създаване/издаване България
260 ## - Област на издателските данни
-- София
Име на издателя, разпространителя и проч. Техника
Година на издаване 1986
300 ## - Физическа характеристика
Страници 303 с.
Размери/Мащаб 22 см
380 ## - Жанр
Жанр Селско стопанство
650 #4 - Допълнително описание по предмет – тема
Основно описание – тема или топоним Торове, минерални
9 (RLIN) 275702
653 ## - Ключова дума – ненормативна
Ключова дума торове
653 ## - Ключова дума – ненормативна
Ключова дума минерали
653 ## - Ключова дума – ненормативна
Ключова дума справочници
852 ## - Местоположение
Форматна сигнатура Цб 143344
856 4# - Електронен адрес и достъп
Електронен формат pdf - файл
Път до файла /url/
856 4# - Електронен адрес и достъп
Електронен формат pdf - файл
Път до файла /url/
942 ## - АРТИКУЛИ
Вид на библиотечния материал Книги
Скрит в OPAC Не
Koha issues (borrowed), all copies 1
944 ## - СЪЗДАВАНЕ И РЕДАКЦИЯ на ЗАПИСА
Създаване/Редакция Създаване
Дата на регистрацията/редакция 13.06.2004
Служител, извършил регистрацията/редакцията Читалня
944 ## - СЪЗДАВАНЕ И РЕДАКЦИЯ на ЗАПИСА
Създаване/Редакция Редакция
Дата на регистрацията/редакция 24.09.2015
Служител, извършил регистрацията/редакцията
999 ## - СИСТЕМНИ КОНТРОЛНИ НОМЕРА
Koha biblionumber 57592
Koha biblioitemnumber 57592
Наличности
Код за отписване Код за изгубен артикул Източник на класификационната схема Код за повреда Коз за рестрикции Код за отдаване Артикулен № Име на библиотеката - собственик Име на библиотеката, в която се намира в момента Статус (Текущо местоположение) Дата на вписване в системата Местоположение - отдел Цена в лева Инвентарен номер Систематично азбучна сигнатура Баркод Номер на екземпляра Цена в евро Служебна бележка Служебен тип на артикула
Изтеглен Не е изгубен Universal Decimal Classification Не е повреден без рестрикции ползва се в читалня 93625 Регионална библиотека "Любен Каравелов" Русе Регионална библиотека "Любен Каравелов" Русе Читалня 1993-01-01 Читалня 2.47 458151 Ч 631.8/С59 458151 1 1.26 Дата инв: 20.03.2017 Бележки инв: Ч2017 Книги
  Не е изгубен Universal Decimal Classification Не е повреден без рестрикции заемане за дома 93626 Регионална библиотека "Любен Каравелов" Русе Регионална библиотека "Любен Каравелов" Русе Заемна - подръчен фонд 1986-01-01 Заемна - подръчен фонд 2.47 458150 П 631.8/С59 120000458150 2 1.26 N: стар фонд Дата: 01.01.1986 Дата инв: 06.02.2018 Бележки инв: П2018 Книги
  Не е изгубен Universal Decimal Classification Не е повреден без рестрикции ползва се в читалня 93627 Регионална библиотека "Любен Каравелов" Русе Регионална библиотека "Любен Каравелов" Русе Хранилище 1986-01-01 Хранилище 2.47 453423 Цб 143344 120000453423 3 1.26 N: стар фонд Дата: 01.01.1986 Книги
Vip Innovations Ltd, Rousse, Bulgaria 2025